| 000 | 00436nam a2200193Ia 4500 | ||
|---|---|---|---|
| 005 | 20250423101634.0 | ||
| 008 | 250422s9999 xx 000 0 und d | ||
| 020 | _a0-7897-0821-3 | ||
| 050 | _aTK 105.888 .J65/ | ||
| 100 | _aRandall, Neil | ||
| 245 | 0 | _aUsing microsoft frontpage | |
| 250 | _aspecial ed. | ||
| 260 | _aIndianapolis | ||
| 260 | _bQue | ||
| 260 | _c1996 | ||
| 300 | _a424 p | ||
| 650 | _aComputer | ||
| 942 | _cBK | ||
| 999 |
_c36835 _d36835 |
||